000 00755pam a2200265 a 4500
008
020 _a0521407397 (pbk.)
049 _aMAIN
090 _aQC793.2
100 1 _aHughes, I. S.
245 1 0 _aElementary particles /
_cI. S. Hughes.
250 _a3rd ed.
260 _aCambridge :
_bCambridge University Press,
_cc1991.
300 _axxii, 431 p. :
_bill. ;
_c23 cm.
500 _aIncludes index.
504 _aIncludes bibliographical references.
650 0 _aParticles (Nuclear physics).
650 0 _aCosmology.
650 0 _aNuclear astrophysics.
907 _a.b10032678
_b10-01-06
_c17-04-03
003
005 20230123134109.0
040 _cNUST
942 _cBOOKS
_kQC793.2
999 _c159976
_d159976